00752nam a2200169 a 450000100100000000500170001000800410002704000250006808200150009311000700010824501420017824600580032026000700037830000280044850000430047670000630051900004584020250217091458.0150519s2006 dr a 000 0 spa d aDO-SdBNPbspacBNPHU axxxxbxxxx1 aRepública Dominicana.bComisión Nacional de Pastoral Familiar10aAsambleas familiares :bla familia formadora de discípulos para la misión /cpresentación Nicolás de Jesús López Rodríguez.13ala familia formadora de discípulos para la misión aSanto Domingo :bComisión Nacional de Pastoral Familiar,c2006. a24 cm. :bil. ;c22 cm. aHacia el III plan nacional de pastoral12a López Rodríguez, Nicolás de Jesús, d1936-epres.